000 00561nam a2200205Ia 4500
005 20250508152056.0
008 008 250505s9999 xx 000 0 eng d
037 _aTextual
040 _aFEDL
_beng
_cFEDL
041 _aeng
_2eng
084 _a158.1, BER
_qFEDL
100 _aBernard Harold W.
245 0 _aToward better personal adjustment
250 _a2nd
260 _aNew York, USA
_bMcGraw-Hill Book Company
_c1957
300 _avii,454p
650 _aApplied psychology
942 _cTEXL
_h158.1, BER
999 _c1334099
_d1334099